[Event "Titled Tuesday intern op 13th Feb Early"]
[Site "Chess.com INT"]
[Date "2024.02.13"]
[Round "2"]
[White "Bhandari, Krish"]
[Black "Bowden, Karl"]
[Result "0-1"]
[WhiteElo "1991"]
[BlackElo "2348"]
[PlyCount "74"]
[EventDate "2024.02.13"]
[EventType "swiss (blitz)"]
[EventRounds "11"]
[EventCountry "USA"]
[SourceTitle "CB08_2024"]
[SourceDate "2024.02.21"]
[SourceVersion "1"]
[SourceVersionDate "2024.02.21"]
[SourceQuality "1"]

1. e4 e5 2. Nc3 Bb4 3. Nd5 Bc5 4. Nf3 c6 5. Nc3 d6 6. Na4 Bb6 7. Nxb6 axb6 8. Bc4 Nf6 9. d3 0-0 10. 0-0 b5 11. Bb3 Be6 12. Bg5 Nbd7 13. Qe2 Nc5 14. Bxe6 Nxe6 15. Be3 b4 16. Nd2 c5 17. Nb3 Qc7 18. f4 exf4 19. Bxf4 Rae8 20. Bg3 Nd7 21. Qg4 Ne5 22. Bxe5 dxe5 23. Rf5 b5 24. Raf1 c4 25. Nd2 Nd4 26. Rg5 f6 27. Rh5 Qf7 28. c3 bxc3 29. bxc3 Ne6 30. dxc4 bxc4 31. Rhf5 Qa7+ 32. Kh1 Qxa2 33. Rxf6 Rxf6 34. Rxf6 Qxd2 35. h4 Qd7 36. h5 Rf8 37. Rxe6 Rf6 0-1

[Event "Edward Lasker Memorial 107th"]
[Site "New York"]
[Date "2023.12.10"]
[Round "5"]
[White "Marsh, James Jiho"]
[Black "Bhandari, Krish"]
[Result "1-0"]
[WhiteElo "1945"]
[BlackElo "1980"]
[PlyCount "160"]
[EventDate "2023.12.07"]
[EventType "swiss"]
[EventRounds "6"]
[EventCountry "USA"]
[SourceTitle "CB50_2023"]
[SourceDate "2023.12.13"]
[SourceVersion "1"]
[SourceVersionDate "2023.12.13"]
[SourceQuality "1"]

1. Nf3 d5 2. g3 c6 3. Bg2 Nf6 4. 0-0 Bf5 5. d3 h6 6. c4 e6 7. cxd5 exd5 8. Qb3 Qb6 9. Qc2 Be7 10. Nc3 0-0 11. e4 dxe4 12. dxe4 Bh7 13. Be3 Qa5 14. Nd4 Na6 15. a3 Rad8 16. Qe2 Rfe8 17. b4 Qc7 18. f4 c5 19. Ndb5 Qb8 20. Rfd1 cxb4 21. axb4 Bxb4 22. e5 Bf5 23. exf6 Bc5 24. Rxd8 Qxd8 25. Nd5 Bxe3+ 26. Nxe3 Bd3 27. Qd2 Bxb5 28. Qxd8 Rxd8 29. Bxb7 Nc5 30. Rxa7 Nxb7 31. Rxb7 Bd3 32. fxg7 Kxg7 33. Re7 Ra8 34. Ng4 Ra1+ 35. Kf2 Ra2+ 36. Kg1 Ra1+ 37. Kg2 Ra2+ 38. Nf2 Bc4 39. Re5 Ba6 40. Re7 Bc4 41. Rd7 Bb5 42. Rd6 Ba6 43. Kf3 Ra3+ 44. Ke4 Ra2 45. Ke3 Re2+ 46. Kf3 Ra2 47. Rb6 Ra3+ 48. Kg2 Ra2 49. g4 Be2 50. Rb3 Bc4 51. Re3 Bd5+ 52. Kg3 Ra1 53. Nh3 Ra2 54. Nf2 Ra1 55. h3 Rg1+ 56. Kh4 Rf1 57. Nd3 Bc4 58. Kg3 Bxd3 59. Rxd3 Rg1+ 60. Kh4 Rf1 61. f5 Rg1 62. Ra3 Rf1 63. Rb3 Rf2 64. Rc3 Rf1 65. Kh5 Rf2 66. Rc6 Rf3 67. h4 Rf4 68. Rxh6 f6 69. Rg6+ Kf7 70. Kh6 Rf1 71. Rg7+ Kf8 72. Kg6 Ra1 73. Rf7+ Kg8 74. Rxf6 Ra4 75. Kh5 Kg7 76. Rg6+ Kh7 77. Rb6 Ra5 78. Rb7+ Kh8 79. Kg6 Ra6+ 80. f6 Ra8 1-0